000 00766nab a2200193 4500
001 244442
003 OSt
005 20240618110419.0
007 tu
008 200917s2020|||||||
040 _aDE-2950
_cDE-2950
245 0 0 _a"Niemand kann uns mehr helfen als Polen"
_bInterview. Viadrina-Preisträger Klaus Ziemer erklärt, was Deutschland mit seinem östlichen Nachbarn zu erledigen hat, wie russische Eliten die deutsch-polnischen Beziehungen sehen und warum er noch Mitglied im Deutsch-Russischen Forum ist/
_cNancy Waldmann
264 _c2024
653 _aFrankfurt (Oder)
653 _aViadrina-Preis
653 _aProf. Dr. Klaus Ziemer
773 0 _g35. Jahrgang (2024) Nr. 117 vom 22.05.2024, S. 10 mit Foto
_tMärkische Oderzeitung
942 _2z
_cA
999 _c373181
_d373181